000
00330nam a2200145Ia 4500
008
150301s2015 xx 000 0 und d
082
_a
612.015
_b
M14N
100
_a
M. N NOOLVI
245
_a
TB OF MEDICAL BIOCHEMISTRY
250
_a
1ST
260
_b
CBS- DELHI
300
_a
955
650
_a
BIOCHEMISTRY
942
_2
ddc
_c
BK
_0
2
999
_c
7200
_d
7200